000 00569nam a22002177a 4500
003 OSt
005 20140310181953.0
008 121121t xxu||||| |||| 00| 0 eng d
020 _a0553159364
050 _aPZ 7
_b.St849 1991
082 _aKF
_bSt4sv #19
100 _aStewart, Molly Mia
_93765
245 _aJessica and the Jumbo Fish /
_cMolly Mia Stewart.
260 _aNew York :
_bBantam Books,
_cc1991.
300 _a69 p. :
_bill. ;
_c19 cm.
541 _j1
541 _j2
562 _e2
650 _aFiction.
_9746
942 _2lcc
_cBK-KF
_kKF
999 _c7901
_d7901